| 000 | 00971ntm a2200241 a 4500 | ||
|---|---|---|---|
| 001 | 37309 | ||
| 003 | BD-RjUL | ||
| 005 | 20211209052610.0 | ||
| 008 | 141124s2012 bg a|||| b||| 00| 0 eng d | ||
| 035 | _a(BD-RjU)37412 | ||
| 040 |
_aBD-RjUL _beng _cBD-RjUL _dBD-RjUL |
||
| 041 | _aeng | ||
| 082 |
_a639.30954925 _bKHE 2012 |
||
| 100 |
_aKhanom, Dil Afroza _9114336 |
||
| 245 | 1 | 0 |
_aEffects of environmental stresses on the outbreak of Diseases due to occurrence of Parasites of some fishes of Coastal region of Bangladesh / _cby Dil Afroza Khanom. _6Supervisor: Md.Delwer Hossain. |
| 260 |
_aRajshahi : _bDepartment of Fisheries, R U,. _c2012. |
||
| 300 |
_axviii, 299 leaves: _bill. ; _c30 cm. |
||
| 502 | _aThesis (Ph.D.)--Department Of Fisheries, University of Rajshahi --2012. | ||
| 504 | _a References: leaves 240-276. | ||
| 650 |
_aFishes _xDiseases _zBangladesh _zKhulna division. _9114337 |
||
| 700 |
_aHossain, Md. Delwer, Supervisor _9114338 |
||
| 942 |
_2ddc _cTHE |
||
| 999 |
_c37309 _d37309 |
||